TOP 100 Polskich streamerów twitch pod względem obserwujących - Statystyki

Ogólne statystyki
  • Ten quiz został rozwiązany 52 razy
  • Średni wynik to 31 z 100
Statystyki odpowiedzi
Liczba obserwujących Streamer % Poprawnych
753,026 Kasix
88%
1,344,690 YoungMulti
88%
1,038,555 Xayoo_
86%
970,268 EWROON
79%
1,987,970 IzakOOO
79%
457,994 H2P_Gucio
74%
623,372 BanduraCartel
72%
491,317 Nieuczesana
72%
304,002 MokrySuchar
70%
381,216 Navcia
70%
527,378 remsua
70%
745,104 MrDzinold
67%
667,384 xmerghani
65%
251,488 thenitrozyniak
58%
289,456 Diables
56%
505,632 Japczan
56%
310,231 1wron3k
53%
643,085 mandzio
53%
462,569 Popo
49%
394,244 RybsonLoL_
49%
438,890 Franio
47%
202,039 Graf
47%
320,836 LukiSteve
47%
240,810 natanzgorzyk
47%
815,594 PAGO3
47%
419,226 NEEXcsgo
44%
153,138 shini_waifu
44%
228,631 Bladii309
42%
216,345 DisStream
42%
592,504 isamu
42%
206,140 Mamm0n
42%
386,219 Nexe_
42%
555,066 parisplatynov
40%
337,235 RockAlone
40%
315,388 tuszol
40%
391,103 ekipa
37%
322,978 Overpow
37%
400,488 ArQuel
35%
638,943 Nervarien
35%
315,631 sawardega
35%
347,140 xntentacion
35%
240,127 RandomBruceTV
33%
390,908 vysotzky
33%
289,725 xth0rek
33%
158,434 delordione
30%
301,405 peVoR13
30%
180,444 szelioficjalnie
30%
533,131 Jacob4TV
28%
181,484 MBagietson
28%
255,951 meduska
28%
162,817 WPATKA
28%
137,418 ZWIERZAAAK
28%
214,242 Bonkol
26%
193,803 Cinkrofwest
26%
191,793 Diabeuu6
26%
224,598 Mamiko
26%
304,138 Snax
26%
153,739 Angela35
23%
233,193 inet_saju
23%
180,365 MORK
23%
189,083 olszakumpel
23%
207,612 RafonixSzef
23%
135,984 demonzz1
21%
857,463 ZONY
21%
217,014 AmadeuszFerrari
19%
174,881 dejvid_tibijski_zadymiarz
19%
218,537 Grendy
19%
347,495 Kubon_
19%
264,120 Leh_TV
19%
184,848 mlodziutki7
19%
379,619 PLKDAMIAN
19%
309,045 Lachu
14%
246,071 pisicela
14%
157,548 MaaiLinh
12%
279,729 polsatgames
12%
246,768 qlnek
9%
356,301 Setty__
9%
169,909 skkf
9%
166,444 ZahaCzai
9%
137,512 Aki_997
7%
223,968 byalli
7%
149,660 DMGPOLAND
7%
418,733 eslcs_pl
7%
188,915 Kazama5
7%
181,453 Miszel
7%
181,776 Brunecia
5%
416,633 KamiFN1
5%
193,339 Kamyk
5%
446,072 Kubx
5%
158,898 UrQueeen
5%
160,626 ElekKartofelek
2%
212,054 Matek
2%
214,109 mrs_honey
2%
211,964 NVIDIAGeForcePL
2%
171,789 PokojWytrzezwien
2%
145,222 beznickos
0%
150,538 Czajnikkk__
0%
140,807 dorianlych
0%
167,563 LiLqki
0%
204,786 Qreii
0%
Nie znaleziono quizów pasujących do podanych kryteriów
Rozkład punktacji
Procent ludzi z każdym wynikiem
Percentyl według liczby udzielonych odpowiedzi
Twoja historia wyników
Nie rozwiązałeś tego quizu